书目信息 |
| 题名: |
看图学电气工程施工技能
|
|
| 作者: | 王建彬 主编 | |
| 分册: | ||
| 出版信息: | 北京 中国建筑工业出版社 2015.07 |
|
| 页数: | 147页 | |
| 开本: | 26cm | |
| 丛书名: | 看图学建筑工程施工技能系列丛书 | |
| 单 册: | ||
| 中图分类: | TU85-64 | |
| 科图分类: | ||
| 主题词: | 电气设备--dian qi she bei--建筑安装--工程施工--图解 | |
| 电子资源: | ||
| ISBN: | 978-7-112-18030-1 | |
| 000 | 01134nam 2200265 450 | |
| 001 | CAL 0120151610278 | |
| 005 | 20191029104454.21 | |
| 010 | @a978-7-112-18030-1@dCNY25.00 | |
| 100 | @a20150902d2015 em y0chiy50 ea | |
| 101 | 0 | @achi |
| 102 | @aCN@b110000 | |
| 105 | @aak a 000yy | |
| 200 | 1 | @a看图学电气工程施工技能@Akan tu xue dian qi gong cheng shi gong ji neng@f本书编委会编 |
| 210 | @a北京@c中国建筑工业出版社@d2015.07 | |
| 215 | @a147页@c图@d26cm | |
| 225 | 2 | @a看图学建筑工程施工技能系列丛书@Akan tu xue jian zhu gong cheng shi gong ji neng xi lie cong shu |
| 314 | @a书内题: 王建彬主编 | |
| 320 | @a有书目 (第147页) | |
| 330 | @a本书共分为六章, 包括: 概述、电缆敷设、室内配线工程、变配电工程安装、应急电源安装以及电气照明器具的安装等。主要有: 常用材料、常用仪表、常用工具、电缆直埋敷设、电缆沟、电缆竖井内电缆敷设、桥架内电缆敷设、电缆低压架空及桥梁上敷设等。 | |
| 410 | 0 | @12001 @a看图学建筑工程施工技能系列丛书 |
| 606 | 0 | @a电气设备@Adian qi she bei@x建筑安装@x工程施工@j图解 |
| 690 | @aTU85-64@v5 | |
| 701 | 0 | @a王建彬@Awang jian bin@4主编 |
| 801 | 0 | @aCN@c20150902 |
| 905 | @a241430@dTU85-64@eK2172@f3 | |
| 看图学电气工程施工技能/本书编委会编.-北京:中国建筑工业出版社,2015.07 |
| 147页:图;26cm.-(看图学建筑工程施工技能系列丛书) |
| ISBN 978-7-112-18030-1:CNY25.00 |
| 本书共分为六章, 包括: 概述、电缆敷设、室内配线工程、变配电工程安装、应急电源安装以及电气照明器具的安装等。主要有: 常用材料、常用仪表、常用工具、电缆直埋敷设、电缆沟、电缆竖井内电缆敷设、桥架内电缆敷设、电缆低压架空及桥梁上敷设等。 |
| ● |
| 相关链接 |
|
|
|
正题名:看图学电气工程施工技能
索取号:TU85-64/K2172
 
预约/预借
| 序号 | 登录号 | 条形码 | 馆藏地/架位号 | 状态 | 备注 |
| 1 | 1158708 | 211587086 | 建筑库201/201建筑库 54排4列2层/ [索取号:TU85-64/K217-2] | 在馆 | |
| 2 | 1158709 | 211587095 | 建筑库201/201建筑库 54排4列2层/ [索取号:TU85-64/K217-2] | 在馆 | |
| 3 | 1158710 | 211587102 | 建筑库201/201建筑库 54排4列2层/ [索取号:TU85-64/K217-2] | 在馆 | |
| 4 | 1455469 | 214554695 | 建筑库201/201建筑库 54排4列2层/ [索取号:TU85-64/K2172] | 在馆 | |
| 5 | 1455470 | 214554702 | 建筑库201/201建筑库 54排4列2层/ [索取号:TU85-64/K2172] | 在馆 | |
| 6 | 1455471 | 214554711 | 建筑库201/201建筑库 54排4列2层/ [索取号:TU85-64/K2172] | 在馆 | |
| 7 | 1455472 | 214554720 | 建筑库201/201建筑库 54排4列2层/ [索取号:TU85-64/K2172] | 在馆 | |
| 8 | 1455473 | 214554739 | 建筑库201/201建筑库 54排4列2层/ [索取号:TU85-64/K2172] | 在馆 | |
| 9 | 1455474 | 214554748 | 建筑库201/201建筑库 54排4列2层/ [索取号:TU85-64/K2172] | 在馆 |